[Event "47. Ilmar Raud Memorial"]
[Site "Viljandi"]
[Date "2013.07.06"]
[Round "8"]
[White "Kanep, Siim"]
[Black "Ladva, Ottomar"]
[Result "0-1"]
[WhiteElo "2183"]
[BlackElo "2310"]
[PlyCount "84"]
[EventDate "2013.??.??"]
[EventCountry "EST"]

1. d4 d5 2. c4 e6 3. Nc3 Nf6 4. Bg5 Bb4 5. Qa4+ Nc6 6. e3 O-O 7. Nf3 h6 8. Bxf6
Qxf6 9. cxd5 exd5 10. Be2 Bg4 11. O-O Bxc3 12. bxc3 a6 13. c4 Ne7 14. Rab1 b5
15. cxb5 axb5 16. Qxb5 Rxa2 17. Rb2 Rxb2 18. Qxb2 c5 19. Ne5 Bxe2 20. Qxe2 Qe6
21. Qb5 Rc8 22. Rc1 c4 23. Nd7 Nc6 24. Nc5 Qg6 25. Na6 Qd6 26. Qc5 Qe6 27. Qb5
Qd6 28. Qc5 Qxc5 29. Nxc5 Rb8 30. Kf1 f5 31. f3 Rb2 32. e4 Nxd4 33. exd5 Nc2
34. d6 Ne3+ 35. Ke1 Nxg2+ 36. Kf1 Ne3+ 37. Ke1 Kf7 38. Rc3 f4 39. h4 Rh2 40. d7
Ke7 41. Ne6 Ng2+ 42. Kf1 Kxd7 0-1

[Event "47. Ilmar Raud Memorial"]
[Site "Viljandi"]
[Date "2013.07.06"]
[Round "8"]
[White "Krupenski, Jüri"]
[Black "Tuul, Tarmo"]
[Result "1-0"]
[WhiteElo "2299"]
[BlackElo "2062"]
[PlyCount "101"]
[EventDate "2013.??.??"]
[EventCountry "EST"]

1. e4 e6 2. Qe2 Be7 3. g3 d5 4. d3 Nf6 5. Bg2 b6 6. e5 Nfd7 7. c4 c6 8. d4 Bb7
9. Nc3 O-O 10. Nf3 Na6 11. O-O Nc7 12. Rd1 dxc4 13. Qxc4 Nd5 14. Nxd5 cxd5 15.
Qa4 Nb8 16. Bd2 Qd7 17. Qb3 Nc6 18. Bg5 h6 19. Bxe7 Nxe7 20. Bf1 Rfc8 21. h4
Rc7 22. h5 Qc8 23. Qa3 a5 24. Qb3 Rc6 25. Bb5 Rc7 26. Bd3 Rc6 27. Bb1 Ba6 28.
Qe3 Qc7 29. g4 Kh8 30. g5 Ng8 31. Kh2 Rc8 32. Rg1 Rc1 33. Rg3 Rd1 34. gxh6 Nxh6
35. Qg5 Rg8 36. Bh7 Rxa1 37. Bxg8 Nf5 38. h6 Kxg8 39. Rh3 Nxh6 40. Rxh6 Bd3 41.
Rh3 Bf5 42. Rg3 g6 43. Qh4 Qc1 44. Rg1 Qxb2 45. Rxa1 Qxa1 46. Qd8+ Kg7 47. Ng5
Kh6 48. Nxf7+ Kg7 49. Qf6+ Kf8 50. Nd6+ Kg8 51. Ne8 1-0

[Event "47. Ilmar Raud Memorial"]
[Site "Viljandi"]
[Date "2013.07.06"]
[Round "8"]
[White "Teemäe, Leo"]
[Black "Dubrovin, Robert"]
[Result "0-1"]
[WhiteElo "2052"]
[BlackElo "2197"]
[PlyCount "42"]
[EventDate "2013.??.??"]
[EventCountry "EST"]

1. e4 e6 2. d4 d5 3. Nd2 Nf6 4. e5 Nfd7 5. Bd3 c5 6. c3 Nc6 7. Ne2 cxd4 8. cxd4
f6 9. exf6 Nxf6 10. O-O Bd6 11. Nf3 Qc7 12. a3 O-O 13. b4 a6 14. Bb2 Nh5 15.
Nc3 g6 16. Rc1 Qg7 17. Na4 Nf4 18. Bb1 g5 19. Re1 g4 20. Ne5 Bxe5 21. dxe5 Nh3+
0-1

[Event "47. Ilmar Raud Memorial"]
[Site "Viljandi"]
[Date "2013.07.06"]
[Round "8"]
[White "Kasteljin, Twan"]
[Black "Koop, Vyacheslav"]
[Result "0-1"]
[WhiteElo "1971"]
[BlackElo "2181"]
[PlyCount "88"]
[EventDate "2013.??.??"]
[EventCountry "EST"]

1. d4 Nf6 2. c4 g6 3. Nc3 d5 4. Nf3 Bg7 5. Qb3 c6 6. Bg5 O-O 7. cxd5 cxd5 8.
Bxf6 Bxf6 9. Qxd5 Qb6 10. Qb5 Bxd4 11. Nxd4 Qxd4 12. e3 Qg4 13. h3 Qh4 14. g3
Qf6 15. Bg2 a6 16. Qb3 Nd7 17. Ne4 Qe5 18. Rc1 Ra7 19. O-O b5 20. Rfd1 Nb6 21.
Rc5 Qb8 22. Ng5 Bb7 23. Qb4 Nc4 24. b3 Bxg2 25. Kxg2 Qa8+ 26. Kh2 a5 27. Qxb5
Nxe3 28. fxe3 h6 29. Qc4 hxg5 30. Rxg5 Ra6 31. Qd5 Qc8 32. Qd4 Rf6 33. Rc5 Qa6
34. Qd2 a4 35. b4 a3 36. Ra5 Qc4 37. Rxa3 Kg7 38. Rd3 Rh8 39. Rd4 Qe6 40. g4
Rf3 41. Qc3 Rhxh3+ 42. Kg2 Rhg3+ 43. Kh2 Qf6 44. g5 Rh3+ 0-1

[Event "47. Ilmar Raud Memorial"]
[Site "Viljandi"]
[Date "2013.07.06"]
[Round "8"]
[White "Starcevs, Dmitrijs"]
[Black "Petrov, Dmitri"]
[Result "1/2-1/2"]
[WhiteElo "2139"]
[BlackElo "1889"]
[PlyCount "136"]
[EventDate "2013.??.??"]
[EventCountry "EST"]

1. e4 c5 2. Nc3 Nc6 3. g3 g6 4. Bg2 Bg7 5. d3 d6 6. f4 e6 7. Nf3 Nge7 8. O-O
O-O 9. Be3 Nd4 10. Rb1 Nec6 11. Bf2 Rb8 12. Ne2 e5 13. c3 Nxf3+ 14. Bxf3 Be6
15. a3 Qd7 16. d4 Bh3 17. Re1 b6 18. b4 cxd4 19. b5 Ne7 20. cxd4 f5 21. dxe5
fxe4 22. exd6 exf3 23. dxe7 Qxe7 24. Qd5+ Be6 25. Qxf3 Qf7 26. Rbd1 Rbd8 27.
Nc3 Bb3 28. Rd3 Bc4 29. Rdd1 Bb3 30. Rd3 Bc4 31. Rde3 Rd7 32. Ne4 h6 33. a4 g5
34. Qg4 Be6 35. Nf6+ Qxf6 36. Rxe6 Qf7 37. R6e4 Rd5 38. Re7 Qf6 39. R7e4 Qf7
40. Be3 h5 41. Qe6 Bc3 42. Rc1 Rd3 43. Qxf7+ Rxf7 44. Bf2 gxf4 45. Rxf4 Rxf4
46. gxf4 Kf7 47. Kf1 Ke6 48. Ke2 Rd2+ 49. Ke3 Bb4 50. Rc6+ Kf5 51. Rh6 Kg4 52.
Bg3 Ra2 53. Rg6+ Kf5 54. Rg5+ Ke6 55. Re5+ Kf7 56. Rxh5 Rxa4 57. Rh7+ Kg6 58.
Rb7 Bc5+ 59. Kf3 Rb4 60. Rxa7 Rxb5 61. Kg4 Bd4 62. h4 Rf5 63. Rd7 Bc3 64. h5+
Rxh5 65. Rd6+ Bf6 66. Rxf6+ Kxf6 67. Kxh5 Kf5 68. Kh4 b5 1/2-1/2

[Event "47. Ilmar Raud Memorial"]
[Site "Viljandi"]
[Date "2013.07.07"]
[Round "9"]
[White "Sepp, Olav"]
[Black "Kanep, Meelis"]
[Result "1/2-1/2"]
[WhiteElo "2442"]
[BlackElo "2509"]
[PlyCount "28"]
[EventDate "2013.??.??"]
[EventCountry "EST"]
[TimeControl "40/5400+30:900+30"]

1. Nf3 Nf6 2. g3 e6 3. Bg2 d5 4. O-O Be7 5. d4 O-O 6. c4 dxc4 7. Qc2 a6 8. Qxc4
b5 9. Qc2 Bb7 10. Bd2 Be4 11. Qc1 Bb7 12. Qc2 Be4 13. Qc1 Bb7 14. Qc2 Be4
1/2-1/2

[Event "47. Ilmar Raud Memorial"]
[Site "Viljandi"]
[Date "2013.07.07"]
[Round "9"]
[White "Ehlvest, Jaan"]
[Black "Kveinys, Aloyzas"]
[Result "1/2-1/2"]
[WhiteElo "2621"]
[BlackElo "2479"]
[PlyCount "29"]
[EventDate "2013.??.??"]
[EventCountry "EST"]
[TimeControl "40/5400+30:900+30"]

1. d4 Nf6 2. c4 e6 3. Nf3 d5 4. Bg5 Be7 5. Nc3 O-O 6. Qc2 Na6 7. e3 c5 8. a3
cxd4 9. exd4 dxc4 10. Bxc4 Nc7 11. O-O b6 12. Rad1 Bb7 13. Ne5 Ncd5 14. Rfe1
Rc8 15. Qb3 1/2-1/2

[Event "47. Ilmar Raud Memorial"]
[Site "Viljandi"]
[Date "2013.07.07"]
[Round "9"]
[White "Shishkov, Andrei"]
[Black "Khalifman, Alexander"]
[Result "1/2-1/2"]
[WhiteElo "2375"]
[BlackElo "2630"]
[PlyCount "28"]
[EventDate "2013.??.??"]
[EventCountry "EST"]

1. d4 d6 2. e4 Nf6 3. f3 d5 4. e5 Nfd7 5. Be3 c5 6. c3 Nc6 7. f4 cxd4 8. cxd4
Nb6 9. Nc3 Bf5 10. g4 Be4 11. Nxe4 dxe4 12. Bg2 Nd5 13. Qe2 Nxe3 14. Qxe3 Qxd4
1/2-1/2

[Event "47. Ilmar Raud Memorial"]
[Site "Viljandi"]
[Date "2013.07.07"]
[Round "9"]
[White "Akkanen, Timo"]
[Black "Starcevs, Dmitrijs"]
[Result "0-1"]
[WhiteElo "1751"]
[BlackElo "2139"]
[PlyCount "48"]
[EventDate "2013.??.??"]
[EventCountry "EST"]

1. Nf3 Nf6 2. b3 g6 3. Bb2 Bg7 4. e3 O-O 5. d4 d5 6. Nbd2 Bf5 7. Be2 Ne4 8. Nh4
Bc8 9. Nxe4 dxe4 10. g3 Bh3 11. Rg1 c5 12. Ng2 Nc6 13. c3 Qa5 14. Qd2 Rad8 15.
Nf4 Bc8 16. Qc2 cxd4 17. exd4 Nxd4 18. Qc1 Nf3+ 19. Bxf3 exf3 20. Qe3 e5 21.
Nd3 e4 22. b4 Qa4 23. Nf4 Rd6 24. Qxe4 Re8 0-1

[Event "47. Ilmar Raud Memorial"]
[Site "Viljandi"]
[Date "2013.07.07"]
[Round "9"]
[White "Petrov, Dmitri"]
[Black "Sööt, Margus"]
[Result "1-0"]
[WhiteElo "1889"]
[BlackElo "2110"]
[PlyCount "35"]
[EventDate "2013.??.??"]
[EventCountry "EST"]

1. e4 c6 2. d4 d5 3. exd5 cxd5 4. c4 Nc6 5. Nc3 e5 6. dxe5 d4 7. Nd5 Be6 8. Qb3
Qd7 9. Nf3 O-O-O 10. Bd2 h6 11. O-O-O g5 12. h3 Bg7 13. Bb4 Bxd5 14. cxd5 Nxe5
15. Nxd4 Nf6 16. Nb5 Nxd5 17. Nd6+ Kb8 18. Qxd5 1-0

[Event "47. Ilmar Raud Memorial"]
[Site "Viljandi"]
[Date "2013.07.07"]
[Round "9"]
[White "Golubeva, Marija"]
[Black "Fomina, Tatjana"]
[Result "0-1"]
[WhiteElo "1817"]
[BlackElo "2222"]
[PlyCount "80"]
[EventDate "2013.??.??"]
[EventCountry "EST"]

1. e4 e6 2. d4 d5 3. e5 b6 4. Nf3 Ba6 5. Bxa6 Nxa6 6. Qe2 Nb8 7. O-O Ne7 8.
Nbd2 Nf5 9. c4 Nc6 10. Nb3 a5 11. a4 Be7 12. Bf4 dxc4 13. Qxc4 Nb4 14. Rac1 O-O
15. Rfd1 Qd7 16. g4 Nh4 17. Nxh4 Bxh4 18. Nd2 Nd5 19. Bg3 Bg5 20. Qc6 Qxc6 21.
Rxc6 Bxd2 22. Rxd2 g5 23. Kf1 Rfb8 24. h4 h6 25. hxg5 hxg5 26. Ke2 b5 27. axb5
Rxb5 28. Kf3 Rb3+ 29. Ke4 a4 30. Rc5 a3 31. bxa3 Nc3+ 32. Rxc3 Rxc3 33. d5 Ra4+
34. Rd4 Rcc4 35. Rxc4 Rxc4+ 36. Kd3 exd5 37. f3 Ra4 38. Bh2 c5 39. Ke3 Rxa3+
40. Ke2 Ra2+ 0-1

[Event "47. Ilmar Raud Memorial"]
[Site "Viljandi"]
[Date "2013.07.07"]
[Round "9"]
[White "Lumiste, Rene"]
[Black "Tsõganova, Monika"]
[Result "0-1"]
[WhiteElo "1768"]
[BlackElo "2110"]
[PlyCount "44"]
[EventDate "2013.??.??"]
[EventCountry "EST"]

1. e4 c5 2. Nf3 d6 3. d4 cxd4 4. Nxd4 Nf6 5. Nc3 a6 6. Be2 e5 7. Nb3 Be7 8. Be3
Be6 9. Bf3 Nbd7 10. O-O O-O 11. h3 b5 12. a3 Rc8 13. Qd2 Nb6 14. Bxb6 Qxb6 15.
Rfd1 h6 16. Nc1 Rc4 17. Be2 Nxe4 18. Nxe4 Rxe4 19. c3 Rf4 20. Bf3 Bh4 21. Nd3
Rf6 22. Qe2 Bc4 0-1

[Event "47. Ilmar Raud Memorial"]
[Site "Viljandi"]
[Date "2013.07.07"]
[Round "9"]
[White "Nero, Georg"]
[Black "Teemäe, Leo"]
[Result "1/2-1/2"]
[WhiteElo "1666"]
[BlackElo "2052"]
[PlyCount "36"]
[EventDate "2013.??.??"]
[EventCountry "EST"]

1. b3 Nf6 2. Bb2 d5 3. Nf3 c5 4. e3 Nc6 5. Bb5 Bd7 6. O-O e6 7. Bxc6 Bxc6 8.
Ne5 Be7 9. d3 O-O 10. Nd2 Rc8 11. f4 b5 12. a4 a6 13. Nxc6 Rxc6 14. axb5 axb5
15. Ra7 c4 16. bxc4 bxc4 17. Bd4 Bc5 18. Bxc5 Rxc5 1/2-1/2

[Event "47. Ilmar Raud Memorial"]
[Site "Viljandi"]
[Date "2013.07.07"]
[Round "9"]
[White "Bouwmans, Erik"]
[Black "Kastelijn, Twan"]
[Result "1-0"]
[WhiteElo "1763"]
[BlackElo "1971"]
[PlyCount "53"]
[EventDate "2013.??.??"]
[EventCountry "EST"]

1. d4 e6 2. c4 Nf6 3. Nf3 b6 4. Nc3 Bb4 5. e3 Bb7 6. Bd3 Ne4 7. Qc2 f5 8. O-O
Bxc3 9. bxc3 d6 10. Nd2 d5 11. Ba3 Nd7 12. cxd5 exd5 13. f3 Nxd2 14. Qxd2 Qg5
15. Qe2 Kf7 16. e4 Rhe8 17. e5 f4 18. Rae1 Kg8 19. Bc1 Qh4 20. Qf2 Qh6 21. g3
g5 22. gxf4 gxf4 23. Kh1 Nf8 24. Rg1+ Kh8 25. Rg4 Ne6 26. Rh4 Qg7 27. Rxh7+ 1-0

[Event "47. Ilmar Raud Memorial"]
[Site "Viljandi"]
[Date "2013.07.07"]
[Round "9"]
[White "Ladva, Ottomar"]
[Black "Volodin, Aleksandr"]
[Result "0-1"]
[WhiteElo "2310"]
[BlackElo "2485"]
[PlyCount "82"]
[EventDate "2013.??.??"]
[EventCountry "EST"]

1. d4 c5 2. d5 e5 3. e4 d6 4. Ne2 Nf6 5. Nec3 Be7 6. Nd2 Nbd7 7. a4 O-O 8. Nc4
b6 9. Bd3 a6 10. f4 exf4 11. Bxf4 Ne8 12. O-O f6 13. Be2 Ne5 14. Ne3 g6 15. Qe1
Ng7 16. Qg3 Nf7 17. Nc4 Rb8 18. Bg4 Bd7 19. Be2 Qc7 20. Na3 Ra8 21. Nc4 b5 22.
Nd2 Rab8 23. axb5 axb5 24. Ra6 b4 25. Ncb1 f5 26. Nc4 g5 27. Bc1 f4 28. Qe1 Bb5
29. Ra2 Bf6 30. b3 Rbe8 31. Nbd2 Bxc4 32. bxc4 Bd4+ 33. Kh1 Qe7 34. Bd3 Ne5 35.
Nb3 Bc3 36. Qe2 Rf6 37. Ra6 Ref8 38. Bd2 g4 39. Bxc3 bxc3 40. Qf2 g3 41. Qe2 f3
0-1

[Event "47. Ilmar Raud Memorial"]
[Site "Viljandi"]
[Date "2013.07.07"]
[Round "9"]
[White "Neiksans, Arturs"]
[Black "Krivonosov, Oleg"]
[Result "1-0"]
[WhiteElo "2549"]
[BlackElo "2463"]
[PlyCount "87"]
[EventDate "2013.??.??"]
[EventCountry "EST"]
[TimeControl "40/5400+30:900+30"]

1. Nf3 d5 2. g3 c6 3. Bg2 Bg4 4. O-O Nd7 5. d3 Ngf6 6. Qe1 e5 7. e4 dxe4 8.
dxe4 Be7 9. Nbd2 O-O 10. h3 Bxf3 11. Bxf3 Qc7 12. Nc4 Rfe8 13. a4 Nc5 14. Qe2
Rad8 15. b4 Nxa4 16. Rxa4 b5 17. Ra2 bxc4 18. Be3 Qd6 19. Rb1 Qe6 20. Rxa7 Ra8
21. Rxa8 Rxa8 22. Kg2 h6 23. c3 Kh7 24. Rb2 Ra3 25. Qc2 h5 26. Ra2 Rxa2 27.
Qxa2 h4 28. g4 c5 29. g5 cxb4 30. gxf6 b3 31. Qa4 Bxf6 32. Be2 Bg5 33. Qxc4 Qg6
34. Bg4 Bxe3 35. fxe3 Qb6 36. Qxf7 b2 37. Bf5+ Kh6 38. Qf8 Qf6 39. Qh8+ Kg5 40.
Qb8 g6 41. Bg4 Qc6 42. Qxb2 Qxe4+ 43. Kf2 Qh1 44. Qb6 1-0

[Event "47. Ilmar Raud Memorial"]
[Site "Viljandi"]
[Date "2013.07.07"]
[Round "9"]
[White "Külaots, Kaido"]
[Black "Kovalev, Vladislav"]
[Result "1/2-1/2"]
[WhiteElo "2581"]
[BlackElo "2555"]
[PlyCount "64"]
[EventDate "2013.??.??"]
[EventCountry "EST"]
[TimeControl "40/5400+30:900+30"]

1. e4 e5 2. Nf3 Nc6 3. Bb5 a6 4. Ba4 Nf6 5. O-O Be7 6. d3 b5 7. Bb3 d6 8. a3
O-O 9. Nc3 Be6 10. Nd5 Bxd5 11. exd5 Nd4 12. Nxd4 exd4 13. c3 Qd7 14. h3 dxc3
15. bxc3 h6 16. d4 c6 17. dxc6 Qxc6 18. Re1 Rfe8 19. c4 Bf8 20. Rxe8 Qxe8 21.
a4 bxc4 22. Bxc4 d5 23. Bd3 a5 24. Bf4 Qe6 25. Rc1 Ne4 26. Qc2 Bb4 27. Qc7 Nc3
28. Qb7 Rc8 29. Kf1 Re8 30. Qa6 Qxa6 31. Bxa6 g5 32. Be3 Re7 1/2-1/2

[Event "47. Ilmar Raud Memorial"]
[Site "Viljandi"]
[Date "2013.07.07"]
[Round "9"]
[White "Koop, Vyacheslav"]
[Black "Sõskov, Vjacheslav"]
[Result "1-0"]
[WhiteElo "2181"]
[BlackElo "2278"]
[PlyCount "55"]
[EventDate "2013.??.??"]
[EventCountry "EST"]

1. e4 c5 2. Nf3 e6 3. d4 cxd4 4. Nxd4 a6 5. c4 Nf6 6. Nc3 Bb4 7. Bd3 Qc7 8. a3
Bxc3+ 9. bxc3 d6 10. Bg5 Nbd7 11. O-O O-O 12. f4 b6 13. Qe2 Bb7 14. Rae1 Nc5
15. Bxf6 gxf6 16. e5 Nxd3 17. exf6 Kh8 18. Qxd3 Rg8 19. Nf3 Rg6 20. Ng5 h6 21.
Rxe6 hxg5 22. Qh3+ Kg8 23. f5 g4 24. Qh4 Qc5+ 25. Rf2 g3 26. hxg3 fxe6 27. fxg6
Qc7 28. f7+ 1-0

[Event "47. Ilmar Raud Memorial"]
[Site "Viljandi"]
[Date "2013.07.07"]
[Round "9"]
[White "Bernotas, Arturs"]
[Black "Shvyrjov, Igor"]
[Result "1-0"]
[WhiteElo "2281"]
[BlackElo "2461"]
[PlyCount "91"]
[EventDate "2013.??.??"]
[EventCountry "EST"]

1. e4 d5 2. exd5 Qxd5 3. Nc3 Qa5 4. d4 Nf6 5. Nf3 Bg4 6. h3 Bxf3 7. Qxf3 c6 8.
Bd3 Nbd7 9. O-O e6 10. Ne4 Be7 11. c4 Nxe4 12. Bxe4 O-O 13. Rd1 Nf6 14. Bc2
Rad8 15. Be3 Rd7 16. g4 Rfd8 17. a3 Qa6 18. Rac1 b5 19. g5 Ne8 20. Be4 bxc4 21.
Bxc6 Rd5 22. Bxd5 Rxd5 23. h4 Nd6 24. Qe2 Qb6 25. Rd2 g6 26. Rxc4 Nxc4 27. Qxc4
h6 28. gxh6 Bxh4 29. Rc2 Bd8 30. Qa4 Kf8 31. Rc8 Qb7 32. Qc4 Qxb2 33. Qxd5 exd5
34. Rxd8+ Ke7 35. h7 Qb1+ 36. Kh2 Kxd8 37. h8=Q+ Kd7 38. Qf6 Qc2 39. Qxf7+ Kc8
40. Qe6+ Kb7 41. Qxd5+ Ka6 42. Qd6+ Kb7 43. Qd7+ Kb6 44. d5+ Ka6 45. Qxa7+ Kb5
46. Qc5+ 1-0

[Event "47. Ilmar Raud Memorial"]
[Site "Viljandi"]
[Date "2013.07.07"]
[Round "9"]
[White "Berzinsh, Roland"]
[Black "Tominga, Eke"]
[Result "1-0"]
[WhiteElo "2400"]
[BlackElo "1993"]
[PlyCount "95"]
[EventDate "2013.??.??"]
[EventCountry "EST"]

1. e4 e5 2. Nf3 Nc6 3. Bc4 Nf6 4. d3 Be7 5. O-O O-O 6. Re1 d6 7. a4 h6 8. h3
Be6 9. Nc3 Nd7 10. a5 a6 11. Nd5 Kh7 12. Bd2 Re8 13. b4 Bf8 14. b5 axb5 15.
Bxb5 Ne7 16. Bc4 c6 17. Ne3 Ng6 18. Qb1 Qc7 19. Qb2 Nf4 20. Rab1 Reb8 21. d4 d5
22. Bd3 exd4 23. Nxd4 Nc5 24. Nxe6 fxe6 25. e5+ Ncxd3 26. cxd3 Qf7 27. Qc2 Qg6
28. Rb3 Nxh3+ 29. Kf1 Nf4 30. g3 Nh3 31. d4 Ng5 32. Reb1 Ra7 33. Kg2 Ne4 34.
Be1 Be7 35. f3 Ng5 36. Rb6 c5 37. Qxg6+ Kxg6 38. Nxd5 Bd8 39. dxc5 Bxb6 40.
cxb6 Ra6 41. Nc7 Rba8 42. Nxa6 Rxa6 43. Rd1 Ra8 44. Rd7 Rb8 45. Bf2 Nf7 46.
Rxb7 Rxb7 47. a6 Nd8 48. a7 1-0

[Event "47. Ilmar Raud Memorial"]
[Site "?"]
[Date "2013.07.07"]
[Round "9"]
[White "Sriram, Jha"]
[Black "Krupenski, Jüri"]
[Result "1/2-1/2"]
[WhiteElo "2437"]
[BlackElo "2299"]
[PlyCount "133"]
[EventDate "2013.07.03"]

1. d4 Nf6 2. c4 e6 3. Nf3 b6 4. g3 Ba6 5. Qa4 Bb7 6. Bg2 c5 7. dxc5 bxc5 8. O-O
Be7 9. Nc3 O-O 10. Rd1 Qb6 11. Bf4 d6 12. Rab1 Nbd7 13. b4 cxb4 14. Rxb4 Bc6
15. Qb3 Qc5 16. Na4 Qh5 17. Bxd6 Bxd6 18. Rxd6 a5 19. Rb5 Bxb5 20. cxb5 Rab8
21. Nc3 Rfc8 22. Nd2 Qc5 23. Nde4 Qb4 24. Nxf6+ Nxf6 25. Rc6 Rxc6 26. Bxc6 Qxb3
27. axb3 Kf8 28. Na4 Ke7 29. Nc5 Kd6 30. Nb7+ Kc7 31. Nxa5 Nd5 32. Bxd5 exd5
33. Nc6 Rxb5 34. Nd4 Rc5 35. h4 Rc1+ 36. Kg2 Rd1 37. e3 Rb1 38. h5 Rb2 39. g4
g6 40. hxg6 hxg6 41. Kg3 Kd6 42. f3 g5 43. f4 gxf4+ 44. Kxf4 Rf2+ 45. Kg3 Rf1
46. Kg2 Rf6 47. Nf3 Kc5 48. Kg3 Re6 49. Kf2 Re4 50. Ng5 Rxg4 51. Nxf7 Rb4 52.
Ke2 Rxb3 53. Kd2 Ra3 54. Ne5 Kd6 55. Ng4 Ke6 56. Ke2 Kf5 57. Nf2 Kg5 58. Nd3
Kg4 59. Nb4 Ra5 60. Kd3 Kf3 61. Nc2 Ra4 62. Nd4+ Kf2 63. Nb5 Kf3 64. Nc7 Ra3+
65. Kd4 Rxe3 66. Nxd5 Re4+ 67. Kc5 1/2-1/2

[Event "47. Ilmar Raud Memorial"]
[Site "?"]
[Date "2013.07.07"]
[Round "9"]
[White "Sipilä, Vilka"]
[Black "Seeman, Tarvo"]
[Result "1-0"]
[WhiteElo "2423"]
[BlackElo "2376"]
[PlyCount "99"]
[EventDate "2013.07.03"]

1. e4 c5 2. c3 g6 3. d4 cxd4 4. cxd4 d5 5. e5 Nc6 6. Nc3 Bg7 7. Be2 f6 8. Nf3
Bg4 9. O-O e6 10. exf6 Bxf6 11. Re1 h5 12. Ne5 Bxe5 13. dxe5 Bxe2 14. Nxe2 Nge7
15. Bg5 Qd7 16. Nf4 Nf5 17. h3 Qf7 18. Rc1 h4 19. b4 a6 20. Rc3 Nfd4 21. Rd3
Nf5 22. Qd2 Rc8 23. Bf6 Rh7 24. Bg5 Qg8 25. a4 Rhc7 26. b5 axb5 27. axb5 Nce7
28. Qa5 Kd7 29. Qb6 Rc4 30. Qxb7+ R4c7 31. Qb6 Rb8 32. Qa5 Qc8 33. Ra3 Ke8 34.
Rea1 Kf7 35. Ne2 Qb7 36. Rb3 Rc2 37. Qe1 d4 38. Qd1 Qe4 39. Kf1 Nd5 40. Ra4 Kg8
41. Nxd4 Rc3 42. Qb1 Qxe5 43. Nf3 Qc7 44. Kg1 Qc5 45. Raa3 Rc2 46. Qe1 Re8 47.
Ra6 Nc3 48. Rc6 Ne2+ 49. Kh2 Qd5 50. Rxc2 1-0

[Event "47. Ilmar Raud Memorial"]
[Site "Viljandi"]
[Date "2013.07.07"]
[Round "9"]
[White "Sirosh, Ilja"]
[Black "Kukk, Sander"]
[Result "1/2-1/2"]
[WhiteElo "2033"]
[BlackElo "2201"]
[PlyCount "159"]
[EventDate "2013.??.??"]
[EventCountry "EST"]

1. d4 g6 2. c4 Bg7 3. e4 d6 4. Nc3 Nf6 5. h3 O-O 6. Be3 Na6 7. Nf3 c5 8. d5 e6
9. Bd3 exd5 10. exd5 Re8 11. O-O Nc7 12. Bc2 Bd7 13. Bf4 Bf8 14. a4 Na6 15. Na2
Nh5 16. Bh2 Qf6 17. Nc1 Nb4 18. Nd3 Nxc2 19. Qxc2 Bxh3 20. Qc3 Qxc3 21. bxc3
Bf5 22. Rfd1 Rad8 23. Rab1 Bc8 24. Nd2 Bg7 25. f3 Bxc3 26. Ne4 Bd4+ 27. Kf1
Rxe4 28. fxe4 Nf6 29. Re1 Ng4 30. Bg1 Bg7 31. g3 b6 32. Kg2 Ba6 33. Rbc1 Re8
34. Kf3 h5 35. Rc2 Bf6 36. Be3 Nxe3 37. Rxe3 Bd4 38. Re1 Kg7 39. Rcc1 Bc8 40.
Nf2 Bd7 41. Re2 g5 42. Rb1 Re7 43. Ra2 Bxf2 44. Kxf2 Rxe4 45. a5 bxa5 46. Rb7
Bf5 47. Rxa5 Rxc4 48. Raxa7 Rc2+ 49. Ke3 Bg6 50. Rd7 Rc3+ 51. Kf2 g4 52. Rxd6
Rf3+ 53. Ke2 Rxg3 54. Rc6 h4 55. d6 Rd3 56. d7 Bf5 57. Rxc5 Rxd7 58. Rxf5 Rxa7
59. Rg5+ Kh6 60. Rxg4 Kh5 61. Rg7 Ra2+ 62. Kf3 f6 63. Rg8 h3 64. Kg3 h2 65.
Rh8+ Kg5 66. Kf3 Kf5 67. Rh5+ Ke6 68. Rh8 Ke5 69. Rh5+ f5 70. Rh8 Ra3+ 71. Kg2
Ra6 72. Kxh2 Rg6 73. Ra8 f4 74. Ra5+ Ke4 75. Ra4+ Kf3 76. Ra3+ Kg4 77. Kg2 Rb6
78. Kf2 Rb2+ 79. Kf1 Rc2 80. Rb3 1/2-1/2